<?xml version="1.0" encoding="UTF-8"?>
<record
    xmlns:xsi="http://www.w3.org/2001/XMLSchema-instance"
    xsi:schemaLocation="http://www.loc.gov/MARC21/slim http://www.loc.gov/standards/marcxml/schema/MARC21slim.xsd"
    xmlns="http://www.loc.gov/MARC21/slim">

  <leader>00764nam a22001577a 4500</leader>
  <controlfield tag="005">20250812090806.0</controlfield>
  <controlfield tag="008">250812b        |||||||| |||| 00| 0 eng d</controlfield>
  <datafield tag="050" ind1=" " ind2=" ">
    <subfield code="a">THE LB 1576 .K4 R662025</subfield>
    <subfield code="b">C.1</subfield>
  </datafield>
  <datafield tag="100" ind1=" " ind2=" ">
    <subfield code="a">Rono, Mutai Susan Jepkosgei</subfield>
  </datafield>
  <datafield tag="245" ind1=" " ind2=" ">
    <subfield code="a">Effect of Code-switching Teaching Strategy Between English and Kiswahili on Performance in Public Primary Schools: A Case of Eldoret West Sub-County, Kenya</subfield>
  </datafield>
  <datafield tag="260" ind1=" " ind2=" ">
    <subfield code="a">Kisii</subfield>
    <subfield code="b">Kisii University</subfield>
    <subfield code="c">2025</subfield>
  </datafield>
  <datafield tag="300" ind1=" " ind2=" ">
    <subfield code="a">xv, 154p.:ill.</subfield>
  </datafield>
  <datafield tag="500" ind1=" " ind2=" ">
    <subfield code="a">Includes bibliographical references</subfield>
  </datafield>
  <datafield tag="650" ind1=" " ind2=" ">
    <subfield code="a">1. Code switching (Linguistics) 2. English language&#x2014;Study and teaching (Primary). 3. Swahili language&#x2014;Study and teaching. 4. Language and education&#x2014;Kenya. 5. Academic achievement&#x2014;Kenya.</subfield>
  </datafield>
  <datafield tag="942" ind1=" " ind2=" ">
    <subfield code="2">lcc</subfield>
    <subfield code="c">REF</subfield>
  </datafield>
  <datafield tag="999" ind1=" " ind2=" ">
    <subfield code="c">216018</subfield>
    <subfield code="d">216018</subfield>
  </datafield>
  <datafield tag="952" ind1=" " ind2=" ">
    <subfield code="0">0</subfield>
    <subfield code="1">0</subfield>
    <subfield code="2">lcc</subfield>
    <subfield code="4">0</subfield>
    <subfield code="6">THE L B1576 K4  R00066 02025</subfield>
    <subfield code="7">0</subfield>
    <subfield code="8">SC</subfield>
    <subfield code="9">372811</subfield>
    <subfield code="a">KSUL</subfield>
    <subfield code="b">KSUL</subfield>
    <subfield code="d">2025-08-12</subfield>
    <subfield code="i">109435</subfield>
    <subfield code="l">0</subfield>
    <subfield code="o">THE LB 1576 .K4 R66 2025</subfield>
    <subfield code="p">000000024325</subfield>
    <subfield code="r">2025-08-12 09:10:13</subfield>
    <subfield code="t">C.1</subfield>
    <subfield code="w">2025-08-12</subfield>
    <subfield code="y">REF</subfield>
  </datafield>
</record>
